000 00659nam a22002297a 4500
003 SEM
005 20230907142346.0
008 230907b1994 us ||||gr||||||01|0 eng|d
020 _a053419950-X
040 _aSEM
_cSEM
041 _aeng
080 _a502.7/M-71
100 _aMiller, G. Tyler
245 _aLiving in the Environment .
_bPrinciples, connections, and Solutions /
_cG. T. Miller; Edt.: V. Friedberg
250 _aeighth edt.
260 _aBelmont :
_bWadsworth pub. company,
_c1994.
300 _aXXV+701 p․ ;
_bill.;
_c28 cm
650 _aEnvironmentalism
653 _aՍԷՄ
700 _aFriedberg Vicki
_4edt.
942 _2udc
_cBK
_n0
999 _c74121
_d74121